Normal view
MARC view
- Civilization, Modern
Entry Topical Term
001 - CONTROL NUMBER
- control field: 49540
003 - CONTROL NUMBER IDENTIFIER
- control field: NUST
005 - DATE AND TIME OF LATEST TRANSACTION
- control field: 20210314134347.0
008 - FIXED-LENGTH DATA ELEMENTS
- fixed length control field: 210314|| aca||aabn | a|a d
040 ## - CATALOGING SOURCE
- Original cataloging agency: NUST
- Transcribing agency: NUST
150 ## - HEADING--TOPICAL TERM
- Topical term or geographic name entry element: Civilization, Modern
- General subdivision: History
670 ## - SOURCE DATA FOUND
- Source citation: Work cat.: (NUST): Brinton, Crane, 49539, The shaping of modern thought /, c1963.
